000 01361ngm a22003010a 4500
001 PT35848
003 AR-LpoUNG
005 20210202000452.0
007 vd cvaizq
008 191001s2007||||ag |||||||||||||||||spa d
037 _c$7.80
037 _c$8,91
040 _aAR-LpoUNG
_bspa
_cAR-LpoUNG
_eaacr
041 _aspa
_aeng
044 _aag
082 0 _a302.23 241ant
100 1 _aSapir, Esteban
_edir.
245 1 3 _aLa antena
260 _aSan Luis :
_bAVH,
_c2007.
300 _aDVD (97 min.) : son., col.
505 0 _aSubtítulos en inglés. - Elenco: Alejandro Urdapilleta, Rafael Ferro, Florencia Raggi, Julieta Cardinali, Valeria Bertuccelli, Ricardo Merkin, Raúl Hochman, Carlos Piñeiro. - Créditos: Dirección de producción, Alejandro Cinelli; jefe de producción, Claudia Ferrero; jefe de locaciones, Agustín Miranda; asistente de dirección, Ana Laura Gussoni, María Alejandra Uz; fotografía, Christian Cottet; dirección de arte, Daniel Gimelberg; vestuario, Andrea Mattio; monaje, Pablo Buján.
520 _aUna ciudad entera ha quedado sin voz. El Sr. TV. dueño del único canal de televisión, lleva adelante un siniestro plan secreto para someter eternamente a cada una de las almas de esta Ciudad.
653 _aCINE ARGENTINO
653 _aDOCUMENTALES
653 _aVIDEOS
905 _a35848
942 _cDVD
999 _c54920
_d54920